000 00535nam a2200169Ia 4500
003 GCL
008 140319s9999 xx 000 0 ara d
040 _aGCL /
_cGCL
082 0 4 _a953.04
_bا ع
100 1 _aاحمد علبيى
245 1 0 _aالعهد السرى للدعوة العباسية او من الامويين الى العباسيين /
_cاحمد علبيى
260 _a[S.N] :
_bدار الفارابى ،
_c1988
300 _a159 ص
490 _a
650 0 4 _aالتاريخ الاسلامى
942 _2ddc
_cBK
999 _c51163
_d51163